Central Library OPAC University of Rajshahi

বিশ্ববিদ্যালয় আইন ১৯৭৩ : (Record no. 59653)

MARC details
000 -LEADER
fixed length control field 00916nam a2200229 a 4500
001 - CONTROL NUMBER
control field 59653
003 - CONTROL NUMBER IDENTIFIER
rucl marc code BD-RjUL
005 - DATE AND TIME OF LATEST TRANSACTION
control field 20211209080744.0
008 - FIXED-LENGTH DATA ELEMENTS--GENERAL INFORMATION
fixed length control field 161226s1994 bg ||||| |||| 00| 0 ben d
020 ## - INTERNATIONAL STANDARD BOOK NUMBER
Terms of availability : Tk.80.00
International Standard Book Number 9840801171
035 ## - SYSTEM CONTROL NUMBER
System control number (BD-RjUL)59777
040 ## - CATALOGING SOURCE
Original cataloging agency BD-RjUL
Language of cataloging ben
Transcribing agency BD-RjUL
Modifying agency BD-RjUL
041 ## - LANGUAGE CODE
Language code of text/sound track or separate title ben
082 ## - DEWEY DECIMAL CLASSIFICATION NUMBER
Classification number 378.1
Edition number 23
Author mark and year FAB 1994
100 ## - MAIN ENTRY--PERSONAL NAME
Personal name ফজল, তারেক
9 (RLIN) 119329
245 10 - TITLE STATEMENT
Title বিশ্ববিদ্যালয় আইন ১৯৭৩ :
Remainder of title পরিমার্জন প্রস্তাবনা /
Statement of responsibility, etc. তারেক ফজল
260 ## - PUBLICATION, DISTRIBUTION, ETC. (IMPRINT)
Place of publication, distribution, etc. ঢাকা :
Name of publisher, distributor, etc. একাডেমিক পাবলিশার্স,
Date of publication, distribution, etc. ১৯৯৪
300 ## - PHYSICAL DESCRIPTION
Pagination ১২৪ পৃ. ;
Size ২২ সেমি.
650 ## - SUBJECT ADDED ENTRY--TOPICAL TERM
Topical term or geographic name as entry element বিশ্ববিদ্যালয়ের স্বায়ত্তশাসন
9 (RLIN) 142923
Topical term or geographic name as entry element University Autonomy
9 (RLIN) 142924
942 ## - ADDED ENTRY ELEMENTS (KOHA)
Source of classification or shelving scheme Dewey Decimal Classification
Koha item type Books
Holdings
Lost status Source of classification or shelving scheme Damaged status Not for loan Collection code Permanent Location Current Location Shelving location Date acquired Source of acquisition Cost, normal purchase price Total Checkouts Full call number Date last seen Copy number Koha item type
  Dewey Decimal Classification   Not For Loan Non-fiction Central Library, University of Rajshahi Central Library, University of Rajshahi Reading Room 31/10/1994 Rajshahi University 80.00   B 378.1 FAB 1994 26/12/2016 C-1 Books
  Dewey Decimal Classification     Non-fiction Central Library, University of Rajshahi Central Library, University of Rajshahi   01/09/1994 Tarek M T Rahman, Rajshahi 80.00   B 378.1 FAB 1994 19/01/2017 C-2 Books